000 00383nam a2200157Ia 4500
005 20250430062109.0
008 240331s9999 xx 000 0 und d
082 _bRAN
_a891
100 _aRanasinghe,D.C
245 0 _aJeshta sahithya pradeepaya
250 _a4th
260 _aColombo
_bLake House Investment
_c1962
300 _a176 p .,
650 _aSinhala Fiction
942 _cL
999 _c4945
_d4945